Sports Quiz

Random Sports or Football Quiz

Head Football Coaches of the SEC 2017 Quiz Stats

 Plays Quiz not verified by Sporcle

Support Sporcle.
Go Orange.
Score 0/14 Timer 05:00
0 Plays Today
Hint Answer % Correct
AlabamaNick Saban
100%
LSUEd Orgeron
95.2%
Texas A&MJimbo Fisher
90.5%
AuburnGus Malzahn
83.3%
GeorgiaKirby Smart
83.3%
Ole MissMatt Luke
83.3%
ArkansasChad Morris
76.2%
Hint Answer % Correct
Mississippi StateJoe Moorhead
76.2%
FloridaDan Mullen
73.8%
TennesseeJeremy Pruitt
73.8%
KentuckyMark Stoops
69%
South CarolinaWill Muschamp
69%
VanderbiltDerek Mason
40.5%
MissouriBarry Odom
28.6%

You're not logged in!

Compare scores with friends on all Sporcle quizzes.
OR
Log In

From the Vault

Actors in TV & Film II

by Tats

These people can rock the silver screen or the TV screen.
Remove Ads.
Support Sporcle.
Get the best of Sporcle when you Go Orange. This ad-free experience offers more features, more stats, and more fun while also helping to support Sporcle. Thank you for becoming a member.

Show Comments

Extras

Created Jan 15, 2016ReportNominate
Tags:Football Quiz, 2016, coach, SEC

Top Quizzes Today


Score Distribution

Your Account Isn't Verified!

In order to create a playlist on Sporcle, you need to verify the email address you used during registration. Go to your Sporcle Settings to finish the process.

Report this User

Report this user for behavior that violates our Community Guidelines.

Details: